000 03055 a2200325 4500
001 OB-editionsmsh-5791
003 FrMaCLE
005 20251214082628.0
007 cu ||||||m||||
008 170330e||||||||xx |||||s|||||||||0|fr|d
020 _a978-2-7351-1971-4
024 7 _a10.4000/books.editionsmsh.5791
_2doi
040 _aFR-FrMaCLE
041 _afra
100 1 _aBarraud, Cécile
245 1 0 _aTanebar-Evav :
_bUne société de maisons tournée vers le large /
_cCécile Barraud.
260 _aParis :
_bÉditions de la Maison des sciences de l’homme,
_c2017.
300 _axiii - 282 p.
500 _aEbook
520 _a Dans l'archipel des Moluques, les îles Kei sont encore mal connues. A l'extrémité sud-ouest du groupe se trouve Tanebar-Evav, une petite île où vit une société de moins de mille personnes. Ici comme dans d'autres régions d'Indonésie, la maison est l'unité sociale fondamentale, le foyer et l'acteur de toutes les relations. Les maisons sont parties prenantes et donnantes dans tous les événements sociaux: mariages, funérailles, rituels saisonniers et occasionnels, et s'entraident en toute chose. Entourant les maisons, l'espace du village est fortement structuré, avec ses murs d'enceinte, ses portes, ses places, ses lieux marqués par les mythes des origines. Il est de plus imprégné de deux conceptions distinctes et complémentaires de la société, vue d'un côté dans ses lois internes et sa particularité - haratut -, de l'autre dans sa relation au dehors et à la loi universelle - lór. Cette double référence articule tous les niveaux de l'organisation sociale qui combine dans une structure complexe des traits relatifs à la filiation et à l'aînesse d'une part, à l'alliance asymétrique et à la relation frère-soeur de l'autre. Dans ce système, les maisons constituent les unités concrètes d'un ordre immédiat et permanent au nom duquel se maintient une société attachée à son identité, mais animée aussi par une très ancienne et profonde relation au monde et à l'histoire. The islands of Kei in the Moluccan archipelago are little known. This is a study of one of them - Tanebar-Evav - a small isolated island of fewer than 1000 inhabitants, situated at the south-west end of the archipelago. Cécile Barraud has carried out an intensive study of this small community, and has made a detailed analysis of its social organisation. Here, as in other parts of Indonesia, the fundamental social unit is the house, which is the agent and the focal point of all social relations. The houses are partners of exchange in all social events: marriages, funerals, seasonal rituals and others. They are…
540 _aOpenEdition Books License
_uhttps://www.openedition.org/12554
650 4 _aAsian Studies
650 4 _aEthnic Studies
650 4 _aIndonésie
650 4 _aTanebar-Evav
650 4 _acoutumes
650 4 _aparenté
776 _z978-2-901725-66-4
856 4 _eBarraud, Cécile
_uhttps://books.openedition.org/editionsmsh/5791
_yTanebar-Evav
999 _c5298
_d5298